| 000 | 00782nam a2200253Ia 4500 | ||
|---|---|---|---|
| 003 | OSt | ||
| 005 | 20221005094810.0 | ||
| 006 | a|||||r|||| 00| 0 | ||
| 007 | ta | ||
| 008 | 221004b |||||||| |||| 00| 0 eng d | ||
| 020 |
_a978195084887 _c5810.19 |
||
| 024 | _a114499 | ||
| 037 |
_bOD00515143347F, 07/01/2012, W S Retail Services Pvt. Ltd. _cTextual |
||
| 040 |
_aCRL _cCRL _beng |
||
| 041 |
_2eng _aeng |
||
| 082 | _aR3xM73, N4 | ||
| 100 | _aStroll Avrum | ||
| 245 | 0 | _aMoore and wittgenstein on certainty | |
| 260 |
_aOxford _bOxford University Press UK _c1994 |
||
| 300 |
_a196p. _ccm. |
||
| 650 | _aPHILOSOPHY | ||
| 942 |
_hR3xM73, N4 _cTEXL _2cc |
||
| 999 |
_c1002551 _d1002551 |
||